1141 1714 1579 1531 1103 1847 1736 1403 1621 1240 1453 1058 1527 1407 1353 1443 1721 1893 1625 1420 1390 1342 1967 1568 1465 1932 1665 1626 1337 1384 1239 1184 1985 1259 1499 1338 1946 1015 1425 1499 1391 1808 1421 1248 1465 1448 1460 1665 1709 1053 1602 1098 1071 1459 1698 1386 1389 1144 1627 1569 1025 1797 1650 1930 1386 1567 1374 1535 1779 1943 1953 1565 1522 1153 1103 1241 1739 1614 1500 1747 1527 1874 1979 1347 1404 1233 1618 1699 1508 1289 1574 1741 1568 1701 1899 1954 1762 1326 1237 BCNSPRNW ULIB Ver.6.0+V

เปลี่ยนเป็นภาษาไทย

Change to English
 แสดงรายละเอียดบรรณานุกรม
  กลับหน้าหลัก

Brief Record : Get Marc (ISO 2709) : E-mail record : QR code < ปิดหน้าต่าง
LEADER : 00000nam 2200000uu 4500
001    13399115139
003     ULIB
008    120712s||||||||th 000 0 tha d
110    ^aวิทยาลัยเครือข่ายภาคกลาง2
245    ^aวารสารการพยาบาลและการสาธารณสุข /^cวิทยาลัยเครือข่ายภาคกลาง2
260    ^aเพชรบุรี :^bวิทยาลัยเครือข่ายภาคกลาง2,^cม.ป.ป.
310    ^aราย 6 เดือน
850    ^aฉบับที่ 1 ปีที่ 8;ฉบับที่ 1 ปีที่ 7;ฉบับที่ 2 ปีที่ 7
945    ^p0^l0^i800172
945    ^p0^l0^i800173
945    ^p0^l0^i800174
999 ^a ใช้งานได้ทุกระบบ
รายการนี้ยังไม่มีแท็ก
คุณยังไม่ได้ล็อกอิน คุณสามารถมีกิจกรรมร่วมกับเว็บไซต์ได้ แต่ต้องล็อกอินก่อน ::
  ล็อกอิน

รายการสื่อสารสนเทศ

ลำดับที่ ประเภท เลขเรียก/บาร์โค้ด สถานที่ สถานะ
- ไม่พบข้อมูล -

BibComment


ยังไม่เคยถูกคอมเมนท์

คอมเมนท์ทรัพยากรรายการนี้
  คอมเมนท์: วารสารการพยาบาลแ..


 Copyright 2026. Bcnsprnw @Library